Collins French dictionary / (Record no. 3224)
[ view plain ]
| 000 -LEADER | |
|---|---|
| fixed length control field | 00478cam a2200169 4500 |
| 001 - CONTROL NUMBER | |
| control field | 3954 |
| 010 ## - LIBRARY OF CONGRESS CONTROL NUMBER | |
| LC control number | 2005472497 |
| 020 ## - INTERNATIONAL STANDARD BOOK NUMBER | |
| International Standard Book Number | 0007126220 |
| 245 00 - TITLE STATEMENT | |
| Title | Collins French dictionary / |
| 246 30 - VARYING FORM OF TITLE | |
| Title proper/short title | French dictionary |
| 260 ## - PUBLICATION, DISTRIBUTION, ETC. | |
| Place of publication, distribution, etc. | Glasgow : |
| Name of publisher, distributor, etc. | HarperCollins, |
| Date of publication, distribution, etc. | 2005. |
| 300 ## - PHYSICAL DESCRIPTION | |
| Extent | xix, 590, xxix p. ; |
| Dimensions | 12 cm. |
| 440 #0 - SERIES STATEMENT/ADDED ENTRY--TITLE | |
| Title | Collins gem |
| 650 #0 - SUBJECT ADDED ENTRY--TOPICAL TERM | |
| Topical term or geographic name entry element | English language |
| Form subdivision | Dictionaries |
| General subdivision | French. |
| Topical term or geographic name entry element | French language |
| Form subdivision | Dictionaries |
| General subdivision | English. |
| 700 1# - ADDED ENTRY--PERSONAL NAME | |
| Personal name | Allain, Jean-Fran�ois. |
| Withdrawn status | Lost status | Source of classification or shelving scheme | Damaged status | Not for loan | Collection code | Home library | Current library | Shelving location | Date acquired | Serial Enumeration / chronology | Inventory number | Total Checkouts | Full call number | Barcode | Date last seen | Copy number | Price effective from | Koha item type |
|---|---|---|---|---|---|---|---|---|---|---|---|---|---|---|---|---|---|---|
| Dewey Decimal Classification | Main TEST | RTC Library | RTC Library | Main opac | 27/11/2018 | 6639 | 443 COL | 30006464 | 27/11/2018 | 3 | 27/11/2018 | Main | ||||||
| Dewey Decimal Classification | Main TEST | RTC Library | RTC Library | Main opac | 27/11/2018 | 6638 | 443 COL | 30006588 | 27/11/2018 | 2 | 27/11/2018 | Main | ||||||
| Dewey Decimal Classification | Main TEST | RTC Library | RTC Library | Main opac | 27/11/2018 | 6640 | 443 COL | 30006353 | 27/11/2018 | 1 | 27/11/2018 | Main |